Portugal (Record no. 1668)

MARC details
000 -LEADER
campo de control de longitud fija 00750nas a2200229 i 4500
001 - NÚMERO DE CONTROL
campo de control 1668
003 - IDENTIFICADOR DE NÚMERO DE CONTROL
campo de control ES-MaACL
005 - FECHA Y HORA DE LA ÚLTIMA TRANSACCIÓN
campo de control 20250729062612.0
007 - CAMPO FIJO DE DESCRIPCIÓN FÍSICA--INFORMACIÓN GENERAL
campo de control de longitud fija t|
008 - DATOS DE LONGITUD FIJA--INFORMACIÓN GENERAL
campo de control de longitud fija 950801d19391949po | | 1 ||pa d
080 ## - NÚMERO DE LA CLASIFICACIÓN DECIMAL UNIVERSAL
Número de la Clasificación Decimal Universal 469
245 00 - MENCIÓN DEL TÍTULO
Título Portugal
Resto del título : boletín de informaciones políticas, económicas y culturales /
Mención de responsabilidad, etc. Secretariado de la Propaganda Nacional.
260 ## - PUBLICACIÓN, DISTRIBUCIÓN, ETC.
Lugar de publicación, distribución, etc. Lisboa :
Nombre del editor, distribuidor, etc. Secretariado de la Propaganda Nacional,
Fecha de publicación, distribución, etc. 1939-1949 (
Fabricante Imp. Editorial Imperio)
300 ## - DESCRIPCIÓN FÍSICA
Extensión 4 v. ;
Dimensiones 33 cm.
310 ## - PERIODICIDAD ACTUAL
Periodicidad actual Mensual
362 0# - FECHAS DE PUBLICACIÓN Y/O DESIGNACIÓN SECUENCIAL
Fecha de publicación y/o designación secuencial 1 (31 en. 1939)-(1949)
650 #7 - PUNTO DE ACCESO ADICIONAL DE MATERIA--TÉRMINO DE MATERIA
Término de materia o nombre geográfico como elemento de entrada Política
Fuente del encabezamiento o término embne
9 (RLIN) 140345
710 1# - ENTRADA AGREGADA--NOMBRE DE ENTIDAD CORPORATIVA
Nombre de entidad corporativa o nombre de jurisdicción como elemento de entrada Portugal.
Unidad subordinada Secretariado de la Propaganda Nacional.
9 (RLIN) 6247
852 ## - LOCALIZACIÓN
Ubicación ES-MaACL
Número de control de estantería Hem-636
866 #0 - MENCIÓN TEXTUAL DE FONDOS--UNIDAD BIBLIOGRÁFICA BÁSICA
Fondos 1943-49
Holdings
Estatus retirado Estado de pérdida Estado de daño No para préstamo Colección Biblioteca de origen Biblioteca actual Ubicación en estantería Fecha de adquisición Fuente de adquisición Total de préstamos Signatura topográfica completa Código de barras Visto por última vez Precio de reemplazo Tipo de ítem Koha
        Periódicos y Revistas Biblioteca del Ateneo de Madrid Biblioteca del Ateneo de Madrid Depósito 1 17/01/2008     Hem-636 1001704 23/02/2023 23/02/2023 Revista